Counties of Washington Quiz Stats

 Plays Quiz not verified by Sporcle

Score 0/39 Timer 10:00
0 Plays Today
% Correct
King
98.1%
Pierce
90.6%
Spokane
84.9%
Snohomish
83%
Yakima
79.2%
Jefferson
75.5%
Whatcom
75.5%
Clark
71.7%
Skagit
69.8%
Walla Walla
69.8%
Thurston
67.9%
Lewis
66%
Island
64.2%
Kitsap
64.2%
Adams
60.4%
Grant
58.5%
Chelan
56.6%
Lincoln
56.6%
Okanogan
56.6%
Gray's Harbor
50.9%
% Correct
Pacific
50.9%
San Juan
50.9%
Asotin
49.1%
Garfield
49.1%
Benton
47.2%
Mason
47.2%
Columbia
45.3%
Clallam
43.4%
Skamania
43.4%
Whitman
43.4%
Cowlitz
41.5%
Ferry
41.5%
Kittitas
39.6%
Pend Oreille
39.6%
Franklin
37.7%
Douglas
35.8%
Stevens
35.8%
Wahkiakum
34%
Klickitat
32.1%

You're not logged in!

Compare scores with friends on all Sporcle quizzes.
OR
Log In

You Might Also Like...

Show Comments

Extras

Created Oct 5, 2009SourceReportNominate
Tags:counties, Washington

Top Quizzes Today


Score Distribution

Your Account Isn't Verified!

In order to create a playlist on Sporcle, you need to verify the email address you used during registration. Go to your Sporcle Settings to finish the process.

Report this User

Report this user for behavior that violates our Community Guidelines.

Details: